| 000 | 00382cam a2200145ua 4500 | ||
|---|---|---|---|
| 041 |
_aeng _h |
||
| 082 |
_a621.51 _bBEV/AI |
||
| 100 | _aBevis, P C . | ||
| 245 |
_aAir compressors: Control and installation / _cP C Bevis. _hTextual Documents |
||
| 260 |
_aLondon : _bSir Isaac Pitman & Sons Ltd , _c1961. |
||
| 300 | _a192 ; . | ||
| 504 | _a | ||
| 942 | _cBK | ||
| 999 |
_c10381 _d10381 |
||